La lucha por las nacionalidades / (Record no. 160237)

MARC details
000 -LEADER
campo de control de longitud fija 00781nam a2200193 i 4500
001 - NÚMERO DE CONTROL
campo de control 160237
003 - IDENTIFICADOR DE NÚMERO DE CONTROL
campo de control ES-MaACL
005 - FECHA Y HORA DE LA ÚLTIMA TRANSACCIÓN
campo de control 20250819164921.0
008 - DATOS DE LONGITUD FIJA--INFORMACIÓN GENERAL
campo de control de longitud fija 931025s1888 sp |||| | spa d
040 ## - FUENTE DE CATALOGACIÓN
Centro catalogador/agencia de origen AS
Lengua de catalogación spa
Centro/agencia transcriptor PAB
100 1# - ENTRADA PRINCIPAL--NOMBRE DE PERSONA
Nombre de persona Moris y Fernández Vallín, Adolfo.
9 (RLIN) 130210
245 13 - MENCIÓN DEL TÍTULO
Título La lucha por las nacionalidades /
Mención de responsabilidad, etc. por Adolfo Moris y Fernández-Vallín.
250 ## - MENCION DE EDICION
Mención de edición 2\pa\s ed.
260 ## - PUBLICACIÓN, DISTRIBUCIÓN, ETC.
Lugar de publicación, distribución, etc. Madrid :
Nombre del editor, distribuidor, etc. [s.n.],
Fecha de publicación, distribución, etc. 1888 (
Fabricante J. Góngora y Alvarez, impresores)
300 ## - DESCRIPCIÓN FÍSICA
Extensión 55 p. ;
Dimensiones 24 cm.
650 #7 - PUNTO DE ACCESO ADICIONAL DE MATERIA--TÉRMINO DE MATERIA
Término de materia o nombre geográfico como elemento de entrada Nacionalismo
Fuente del encabezamiento o término embne
9 (RLIN) 15438
852 ## - LOCALIZACIÓN
Ubicación ES-MaACL
Número de control de estantería G-10010
Nota libre -- Enc. hol.
Encuadernación -- Edic.: Añadir subtit.: "Discurso leído por el autor en la Universidad Compostelana en la inauguración del curso académico de 1887 á 1888
Holdings
Estatus retirado Estado de pérdida Estado de daño No para préstamo Colección Biblioteca de origen Biblioteca actual Ubicación en estantería Fecha de adquisición Fuente de adquisición Total de préstamos Signatura topográfica completa Código de barras Visto por última vez Precio de reemplazo Tipo de ítem Koha
        Libros del s. XIX Biblioteca del Ateneo de Madrid Biblioteca del Ateneo de Madrid Sala Pecera Planta 3 17/01/2008     G-10010 1167779 23/02/2023 23/02/2023 Libro impreso antiguo